000 00465nam a2200169 4500
001 138101
003 ES-MaACL
005 20230906195514.0
007 t|
008 070214s1972 sp r ||||1| spa d
100 1 _aSánchez Paredes, Pedro.
_9102831
245 1 0 _aTeluria, un país de tinieblas /
_cPedro Sánchez Paredes.
250 _a1ª ed.
260 _aBarcelona :
_bMarte,
_c1972.
300 _a217 p. ;
_c20 cm.
852 _aES-MaACL
_jC-49558
_bR.83120
999 _c138101
_d138101